[Event "Zlatni otok Krk Open 2020"]
[Site "Malinska"]
[Date "2020.11.06"]
[Round "3.9"]
[White "Deris, Antun"]
[Black "Balen, Teo"]
[Result "0-1"]
[WhiteElo "1898"]
[BlackElo "2001"]
[Annotator "TA"]
[PlyCount "70"]
[EventDate "2020.11.05"]
[EventType "swiss"]
[EventCountry "CRO"]
[SourceTitle "playchess.com"]
[Source "ChessBase"]
[SourceQuality "1"]

{[%evp 15,70,0,8,0,0,-3,60,62,64,1,50,35,19,31,40,-29,-12,-82,-80,-330,-348,-491,-86,-92,-113,-267,-112,-81,-110,-96,-32,-186,-188,-287,-173,-186,-177,-197,-160,-157,-178,-246,-229,-658,-416,-456,-433,-415,-402,-29983,-29984,-29984,-29985,-29996,-29997,-29997,-29998]} 1. e4 c5 2. Nf3 Nc6 3. d4 cxd4 4. Nxd4 Nf6 5. Nc3 e6 6. Nxc6 bxc6 7. Bd3 e5 8. O-O Be7 9. Kh1 {B45: Sicilian Four Knights.} O-O 10. f4 {[#]} Qc7 $146 (10... Bd6 $11) ({Predecessor:} 10... d6 11. fxe5 dxe5 12. Bg5 Be6 13. Qe2 Ng4 14. Bxe7 Qxe7 15. h3 Qh4 16. Kg1 Nf6 17. Qe3 Nh5 18. Ne2 Qe7 {1-0 (49) Kazakbaev,S-Esenbek Uulu,B (1986) Bishkek 2017}) 11. fxe5 $14 {White is slightly better.} Qxe5 12. Rf5 ({White should play} 12. Bf4 $14 Qe6 13. e5) 12... Qe6 (12... Qd4 {feels hotter.} 13. Qe1 d6 14. Be3 Qb4 15. Rf1 Qb7) 13. e5 Nd5 14. Nxd5 cxd5 15. Qe2 (15. b3 $14) 15... d6 16. Bd2 (16. Bf4 $11 {keeps the balance.}) 16... g6 $17 17. Raf1 $2 (17. exd6 $17 Qxe2 18. Bxe2 Bxf5 19. dxe7) 17... gxf5 $19 18. Bxf5 (18. Rf3 {was called for.}) 18... Qxf5 $2 (18... Qxe5 $19 19. Qg4+ Qg7 20. Qxg7+ Kxg7 21. Bc3+ Kg8) 19. Rxf5 $17 Bxf5 20. Qf3 $2 (20. Qf2 $17 Be4 21. exd6 Bxd6 22. Qf6) 20... Bg6 (20... Bxc2 21. exd6 Bxd6 22. Qf6 $17) (20... Be4 $19 {has better winning chances.} 21. Qg3+ Kh8 22. exd6 Bf6) 21. exd6 Bxd6 {Strongly threatening ...Rfe8.} 22. Qf6 {[#] Threatening mate with Bc3.} Rfd8 $1 {Hoping for ...Bf8.} 23. Bc3 $2 (23. Ba5 $1 $15 Rac8 24. c4) 23... Kf8 $19 24. h4 (24. Ba5 $142 Ke8 25. Bxd8 Rxd8 26. c3) 24... h5 25. Ba5 Ke8 26. Qd4 Be7 27. Qh8+ Kd7 28. Qe5 (28. Qd4 $142) 28... Be4 ({Stronger than} 28... Bxh4 29. Qxd5+ Ke8 30. Qe5+ Kf8 31. Qh8+ Ke7 32. Bxd8+ Rxd8 33. Qe5+ Kf8 34. Qh8+ Ke7 35. Qe5+ Kf8 36. Qh8+ Ke7 $11) 29. c4 $2 (29. Qc7+ Ke6 30. Qc6+ Bd6 31. Bxd8 Rxd8 32. c4) 29... Rg8 30. Qc7+ Ke6 31. Qc6+ Ke5 32. Kg1 {[#]} (32. Bc7+ $19 Kf5 33. Qd7+ Kf6 34. Qc6+ Kg7 35. Bf4) 32... Rxg2+ {Black mates.} 33. Kf1 Rag8 34. cxd5 Bd3+ 35. Ke1 Re2+ {Av CentiPawn Loss W=-97/B=-41. Weighted=-108/-78} 0-1

[Event "Zlatni otok Krk Open 2020"]
[Site "Malinska"]
[Date "2020.11.06"]
[Round "3.10"]
[White "Lohia, Sohum"]
[Black "Tomljanovic, Ivano"]
[Result "1-0"]
[WhiteElo "1993"]
[BlackElo "1477"]
[Annotator "TA"]
[PlyCount "117"]
[EventDate "2020.11.05"]
[EventType "swiss"]
[EventCountry "CRO"]
[SourceTitle "playchess.com"]
[Source "ChessBase"]
[SourceQuality "1"]

{[%evp 12,117,8,9,7,0,1,0,37,28,43,39,32,27,62,48,81,41,67,26,32,37,38,37,103,53,68,0,0,-8,-17,-29,-30,-50,-21,-16,-16,-17,-13,-14,-7,-9,172,172,168,168,177,177,177,149,160,168,175,175,175,170,175,175,175,175,222,225,228,193,193,193,193,193,193,180,243,243,243,243,591,532,674,619,829,860,814,766,1170,983,29964,1797,29975,29976,29974,29975,29978,29979,29979,29981,29981,29982,29982,29983,29983,29981,29981,29981,29981,29981,29981,29981,29984,29984]} 1. e4 e5 2. Nf3 Nc6 3. Nc3 Nf6 4. g3 Bc5 5. Bg2 d6 6. d3 O-O 7. Na4 Bb6 {C26: Vienna Game: 2...Nf6, sidelines .} 8. Nxb6 axb6 9. O-O Ne7 {[#] The position is equal.} 10. b3 $146 ({Predecessor:} 10. Bg5 Ng6 11. d4 h6 12. dxe5 hxg5 13. exf6 Qxf6 14. Qd4 Ne5 15. Nxe5 Qxe5 {½-½ (15) Dubois,M (2012)-Wagman,S (2169) Arco 1999}) 10... Ng6 11. Bb2 Re8 12. Nd2 Ng4 13. h3 Nh6 14. Qh5 c6 15. f4 exf4 16. gxf4 f5 17. a4 Qe7 (17... Be6 $14) 18. Rae1 Be6 19. exf5 (19. c4 $14) 19... Nxf5 $11 20. Ne4 $132 {[%mdl 2048] [#] Black must now prevent Ng5. White is not holding back} Qh4 21. Qxh4 Ngxh4 22. Ng5 Nxg2 23. Kxg2 Bd7 {[#] aiming for ...Ne3+.} 24. Kf2 h6 25. Ne4 Re6 26. Rg1 {Nf6+ is the strong threat.} Rae8 $2 {A mistake that costs the game.} (26... Kf7 $11 {and Black stays safe.}) 27. Nf6+ $1 $18 Rxf6 28. Rxe8+ Bxe8 29. Bxf6 {[%mdl 4096] Endgame KRB-KBN} Kf7 30. Bc3 c5 31. Ra1 Ke6 32. a5 bxa5 33. Rxa5 h5 34. Ra8 Bc6 35. Ra1 d5 36. Re1+ Kf7 37. b4 d4 38. Bd2 cxb4 39. Bxb4 Ne3 40. c4 Ng2 (40... b5 $142 41. Bd2 bxc4 42. Bxe3 dxe3+ 43. Rxe3 cxd3 44. Rxd3 Ke6) 41. Re5 g6 42. Bd2 Kf6 $2 (42... Nh4 {is a better chance.} 43. Ra5 Ke6) 43. Kg3 h4+ 44. Kf2 Ne3 45. Bxe3 dxe3+ 46. Kxe3 {KR-KB} Bg2 47. Rb5 Bxh3 48. Rxb7 Bg2 49. Rh7 {White mates.} h3 50. d4 g5 51. fxg5+ Kxg5 52. d5 Kg6 53. Rh8 Kg7 54. Rh4 Kf7 55. Kf4 Kf6 56. Kg3 Ke5 57. Rxh3 Bf1 58. Rh4 Kd6 59. Kf2 {Av CentiPawn Loss W=-31/B=-71. Weighted=-19/-63} 1-0

[Event "Zlatni otok Krk Open 2020"]
[Site "Malinska"]
[Date "2020.11.07"]
[Round "4.1"]
[White "Martic, Zlatko"]
[Black "Berke, Ana"]
[Result "1/2-1/2"]
[WhiteElo "2298"]
[BlackElo "2166"]
[Annotator "TA"]
[PlyCount "103"]
[EventDate "2020.11.05"]
[EventType "swiss"]
[EventCountry "CRO"]
[SourceTitle "playchess.com"]
[Source "ChessBase"]
[SourceQuality "1"]

{[%evp 9,103,26,34,32,46,3,6,7,8,0,0,0,0,0,4,0,18,4,8,-62,-29,-40,-17,-74,-61,-66,-35,-77,-65,-81,-77,-70,-52,-87,-48,-44,-44,-59,-37,-35,0,0,0,0,0,0,0,0,58,67,100,102,114,134,124,66,87,66,67,65,76,64,83,57,70,81,66,79,127,93,155,122,185,18,64,0,0,0,0,0,0,0,0,0,0,0,0,0,0,0,0,0,0,0,0,0]} 1. d4 d5 2. c4 e6 3. Nc3 a6 4. cxd5 exd5 5. Nf3 c6 6. Bf4 {D31: Queen's Gambit Declined: Semi-Slav without ...Nf6 (+ Marshall Gambit and Noteboom) and Exchange Variation lines without ...Nf6.} Bd6 7. Bg3 Ne7 8. e3 O-O {8...Nf5 might become the main line.} 9. Bd3 Bf5 10. Qc2 Bxd3 11. Qxd3 a5 12. Ng5 {[%csl Gg5][%cal Rd3h7] [#]} g6 $146 ({Predecessor:} 12... Ng6 13. Bxd6 Qxd6 14. h4 {½-½ (14) Kunte,A (2519)-Likavsky,T (2494) Montreal 2007}) 13. Bxd6 Qxd6 14. O-O-O (14. O-O $11) 14... Nd7 15. Kb1 a4 16. e4 (16. a3 $11 {keeps the balance.}) 16... f6 $17 17. Nf3 b5 18. exd5 Nxd5 19. Nxd5 Qxd5 20. h4 Rfe8 21. Rhe1 Nf8 22. Rc1 Rxe1 23. Rxe1 Rd8 24. Qe3 b4 25. Qe7 Rd6 26. Qa7 Qf5+ 27. Ka1 Qc2 28. Qb8 a3 (28... Re6 $11 29. Qxb4 Re2) 29. Qxb4 $14 Re6 {( -> ...Rxe1+)} 30. bxa3 Rxe1+ 31. Qxe1 Kf7 32. Qd2 ({White should try} 32. Qb1 $16 Qxf2 33. Qb7+ Kg8 34. Qxc6) 32... Qc4 $1 33. Ne1 Ne6 34. Nc2 Qf1+ $1 35. Kb2 $1 Qxg2 36. Qb4 Qd5 37. a4 {[%cal Ba3a4,Ba4a5][%mdl 32]} c5 38. Qb3 Qd6 39. Qb7+ Nc7 (39... Kf8 $142) 40. a5 $1 $16 {a6! is the strong threat.} cxd4 {[#]} 41. Qb6 $2 (41. a6 $1 $18 {[%mdl 512]}) 41... Qe5 {White must now prevent ...d3+.} 42. Qxd4 (42. Nxd4 $14 h5 43. Kc2) 42... Qxa5 $11 {The position is equal.} 43. Qd7+ Kg8 44. Qd8+ Kf7 45. Qd7+ Kg8 46. Qd4 Nd5 47. a3 {[%cal Ba2a3,Ba3b4][%mdl 32]} h5 48. Nb4 Nxb4 49. axb4 Qb5 50. Kb3 {Strongly threatening Qc4+.} Kf7 51. f4 g5 52. fxg5 {Av CentiPawn Loss W=-14/B=-13. Weighted=-14/-12} 1/2-1/2

[Event "Zlatni otok Krk Open 2020"]
[Site "Malinska"]
[Date "2020.11.07"]
[Round "4.3"]
[White "Horvat, Damjan"]
[Black "Vidovic, Sasa"]
[Result "1-0"]
[WhiteElo "2155"]
[BlackElo "2209"]
[Annotator "TA"]
[PlyCount "91"]
[EventDate "2020.11.05"]
[EventType "swiss"]
[EventCountry "CRO"]
[SourceTitle "playchess.com"]
[Source "ChessBase"]
[SourceQuality "1"]

{[%evp 9,91,-1,0,1,16,-16,12,6,131,134,122,114,113,42,228,229,225,196,208,176,218,166,360,349,383,385,456,435,557,526,513,497,1030,528,508,451,420,257,252,233,269,141,138,132,126,157,316,327,495,504,474,395,473,-47,421,372,1435,1432,1495,1475,1263,1237,1347,887,802,597,563,525,549,456,444,348,340,262,2120,1845,5114,5082,5082,5066,3508,3256,29986,29986]} 1. f4 Nf6 2. Nf3 d6 3. g3 c6 4. Bg2 Bg4 5. h3 Bxf3 6. Bxf3 {[#] A02: Bird's Opening.} e5 $146 ({Predecessor:} 6... Qb6 7. Nc3 Nbd7 8. e4 e5 9. Qe2 O-O-O 10. Qc4 exf4 11. gxf4 Nc5 12. Qxf7 Rd7 {1-0 (46) Besedin,A (2029)-Sorokovikov,V (1682) Irkutsk 2014}) 7. c4 exf4 8. gxf4 {The position is equal.} Nh5 (8... Nbd7 $11) 9. Qb3 $1 $16 b6 10. Qe3+ (10. Bxh5 $6 Qh4+ 11. Kf1 Qxh5 $11) 10... Kd7 11. Rg1 (11. Qf2 $16 Be7 12. h4 (12. Bxh5 $2 Bh4 $19)) 11... Nf6 $2 (11... g6 $14) 12. b4 $18 g6 13. Nc3 Bg7 14. Bb2 $36 {[%mdl 2048] White is in control.} Nh5 15. Qf2 Nf6 $2 (15... Nxf4 {was called for.} 16. Bg4+ {[%mdl 64] Discovered Attack} f5) 16. O-O-O a6 17. e4 (17. Na4 Ra7 $18) 17... Kc7 18. e5 dxe5 19. fxe5 Nfd7 20. d4 ({Weaker is} 20. e6 fxe6 21. Qg3+ Kb7 $16) 20... Qe7 (20... Ra7 $142 21. b5 Bf8 22. bxc6 Nxc6 23. Bxc6 {[%mdl 64] Discovered Attack} Kxc6 24. Qxf7 Kb7) 21. a3 Qe6 22. Qf1 Qf5 {intending ...Bh6+.} 23. Qg2 {Be4 is the strong threat.} Bh6+ 24. Rd2 $1 Rd8 {[#]} ({Inferior is} 24... Qd3 25. Ne4 $11) 25. Rgd1 ({Stronger than} 25. Bg4 Qd3 $15) (25. Ne4 $1 $18) 25... Nxe5 $16 26. dxe5 Rxd2 27. Rxd2 Qd3 $2 {[#]} (27... Qg5 $16 {is a better defense.} 28. Qxg5 Bxg5) 28. Ne4 $1 $18 Bxd2+ (28... Nd7 $142 29. Qg3 Kc8) 29. Nxd2 Nd7 30. Bxc6 Rd8 31. Qd5 $2 ({White should try} 31. Ba8 $18 Rxa8 32. Qxa8) 31... Qxh3 $2 {[%mdl 8192]} (31... Nc5 $1 $15 {stays ahead.} 32. bxc5 Rxd5 33. Bxd5 bxc5) 32. Ba8 {[%csl Ga8][%cal Rd5b7]} Rb8 $2 (32... Rxa8 33. Qxa8 h5 34. Qa7+ Kd8) 33. Qd6+ Kd8 34. Bd5 {White wants to mate with e6!} Qg3 35. Bxf7 Rc8 36. Bd4 Qxa3+ 37. Kd1 Qa4+ 38. Ke2 {Threatening mate with e6.} Qc6 39. Qd5 Ke7 40. e6 Qxd5 41. cxd5 {Strongly threatening Ne4.} Nf8 $2 (41... Rf8 42. d6+ Kxd6 43. exd7 Kxd7) 42. Bxb6 Kd6 43. Bc5+ Ke5 44. e7 Nd7 45. Nc4+ Kf6 46. e8=Q {Av CentiPawn Loss W=-82/B=-110. Weighted=-88/-157} 1-0

[Event "Zlatni otok Krk Open 2020"]
[Site "Malinska"]
[Date "2020.11.07"]
[Round "4.4"]
[White "Ljubicic, Mario"]
[Black "Doric, Darko"]
[Result "0-1"]
[WhiteElo "2023"]
[BlackElo "2484"]
[Annotator "TA"]
[PlyCount "66"]
[EventDate "2020.11.05"]
[EventType "swiss"]
[EventCountry "CRO"]
[SourceTitle "playchess.com"]
[Source "ChessBase"]
[SourceQuality "1"]

{[%evp 9,66,-17,14,-35,-35,-39,-43,-119,-105,-95,-113,-123,-122,-125,-134,-134,-114,-148,-97,-84,-89,-125,-106,-172,-164,-277,-277,-343,-341,-318,-293,-320,-304,-318,-306,-305,-308,-318,-302,-336,-308,-412,-411,-400,-397,-442,-389,-508,-537,-529,-534,-690,-682,-1639,-1633,-1491,-655,-616,-606]} 1. e4 c5 2. b4 cxb4 3. a3 d5 4. exd5 Qxd5 5. Nf3 Bg4 6. c4 {B20: Sicilian: Unusual White 2nd moves.} Bxf3 7. cxd5 Bxd1 {[#]} 8. Bb5+ $146 (8. Kxd1 $15 Nf6 9. axb4) ({Predecessor:} 8. Kxd1 e6 9. dxe6 fxe6 10. Bc4 Nc6 11. Bxe6 Nd4 12. Bc4 bxa3 13. Re1+ Kd7 14. Nxa3 {1-0 (22) Herbold,M (2157)-Honsch,P (2045) Budapest 2009}) 8... Nd7 $17 {[#] White must now prevent ...Bb3.} 9. Kxd1 Ngf6 10. Re1 Nxd5 11. axb4 e6 12. Nc3 {[#] Nxd5 is the strong threat.} Nxb4 13. f4 Nc6 ({Black should try} 13... a6 14. f5 O-O-O 15. fxe6 fxe6) 14. f5 e5 15. d4 Bb4 ({Stronger than} 15... Nxd4 16. Rxe5+ Kd8 17. Bxd7 $18) 16. Bb2 (16. Bxc6 $17 Bxc3 17. Bxb7) 16... f6 17. Ra4 (17. Re4 $142) 17... a5 $19 18. Nd5 Bxe1 ({Not} 18... Nxd4 19. Bxd4 Bxe1 20. Be3 $11) 19. Nc7+ Ke7 20. Nxa8 Rxa8 21. Kxe1 Nxd4 22. Bxd4 exd4 23. Rxd4 {[%mdl 4096] Endgame KRB-KRN} Ne5 24. Ke2 Rd8 25. Rh4 h6 26. Rh3 Rd4 27. Ra3 b6 28. Rc3 Rb4 {Black is clearly winning.} 29. Ba6 a4 {[%cal Ba5a4,Ba4a3,Ba3a2][%mdl 32]} 30. Rc7+ Kd6 31. Rxg7 a3 {( -> ...a2)} 32. Bc8 Ra4 (32... Rb2+ $142 33. Kf1 a2) 33. Be6 a2 {Av CentiPawn Loss W=-64/B=-38. Weighted=-60/-34} 0-1

[Event "Zlatni otok Krk Open 2020"]
[Site "Malinska"]
[Date "2020.11.07"]
[Round "4.5"]
[White "Balen, Teo"]
[Black "Doric, Nenad"]
[Result "1/2-1/2"]
[WhiteElo "2001"]
[BlackElo "2249"]
[Annotator "TA"]
[PlyCount "91"]
[EventDate "2020.11.05"]
[EventType "swiss"]
[EventCountry "CRO"]
[SourceTitle "playchess.com"]
[Source "ChessBase"]
[SourceQuality "1"]

{[%evp 9,91,10,27,-109,-95,-112,-119,-86,-27,-56,-16,-15,4,-15,0,0,14,0,0,-14,0,-162,-131,-143,-110,-160,20,29,34,23,31,16,60,66,67,66,62,47,37,48,56,0,26,24,113,83,62,8,18,49,188,178,258,248,268,270,270,235,235,267,267,266,249,237,154,60,62,0,0,0,0,0,0,0,0,0,0,0,0,0,0,0,0,0]} 1. d4 Nf6 2. Nc3 d5 3. Bg5 c5 4. Bxf6 gxf6 5. e4 dxe4 6. d5 {D01: Veresov Opening.} (6. dxc5 $11 {remains equal.} Qa5 7. Qh5) 6... f5 $1 $17 7. Qh5 Bg7 8. Nge2 {[#] Black is better.} Qa5 $146 (8... Qd6 $17) ({Predecessor:} 8... Qb6 9. O-O-O Qh6+ 10. Qxh6 Bxh6+ 11. Kb1 Nd7 12. Ng3 Nf6 13. f3 e3 14. Bb5+ Kf8 {0-1 (40) Hebden,M (2570)-Milov,V (2570) Isle of Man 1995}) 9. g3 $11 b5 {[%cal Bb7b5,Bb5b4,Bb4b3][%mdl 32]} 10. Bh3 $1 b4 $36 {[%mdl 2048] Black fights for an advantage.} 11. Nd1 b3+ 12. c3 {[#]} Qxa2 $1 {[%mdl 512]} 13. Rc1 (13. Rxa2 bxa2) 13... Nd7 14. Bxf5 Ne5 15. Bxe4 $2 (15. O-O $1 $11 {and White has nothing to worry.}) 15... Bg4 $19 16. Qg5 Qa6 $1 {[%csl Gg4][%cal Ra6e2]} 17. c4 Qh6 $2 (17... O-O $1 $17 18. Ne3 Nf3+ 19. Bxf3 Bxf3) 18. Qxh6 $11 Bxh6 19. f4 {Threatening Ne3.} f5 20. Bb1 Nf3+ 21. Kf2 Bg7 22. h3 Bh5 23. Bxf5 (23. g4 $5 fxg4 24. Ng3 $16) 23... Nd4 24. Nxd4 Bxd4+ 25. Ne3 (25. Ke1 $14) 25... O-O {Strongly threatening ...Rxf5.} 26. g4 Kh8 (26... a5 $11) 27. Ke2 Bg6 28. Bxg6 (28. h4 $14) 28... hxg6 29. f5 Bxe3 (29... a5 $14) 30. Kxe3 $18 gxf5 $14 {[%mdl 4096] Endgame [#] KRR-KRR} (30... a5 {is a better defense.} 31. fxg6 Kg7) 31. g5 $1 $18 e5 32. dxe6 Rae8 33. Kf4 Rxe6 34. Rhe1 Re4+ 35. Rxe4 fxe4+ 36. Kxe4 {KR-KR} Rf2 {[#]} 37. Kd5 (37. Rb1 $1 $16) 37... Rxb2 $14 38. Kxc5 (38. Ra1 $1 $14) 38... a5 $1 $11 {The position is equal.} 39. Kb5 {And now Rc3 would win.} Rc2 40. Rb1 a4 {[%mdl 64] ...Rc1 is the strong threat. Decoy} 41. Kxa4 Rxc4+ 42. Kxb3 Rh4 43. Kc3 Kg7 44. Rb6 (44. g6 $5) 44... Rxh3+ 45. Kd4 Rg3 46. Ke4 {Quite a comeback for White. Av CentiPawn Loss W=-18/B=-17. Weighted=-18/-19} 1/2-1/2

[Event "Zlatni otok Krk Open 2020"]
[Site "Malinska"]
[Date "2020.11.07"]
[Round "4.6"]
[White "Stocko, Josip"]
[Black "Lohia, Sohum"]
[Result "1-0"]
[WhiteElo "2241"]
[BlackElo "1993"]
[Annotator "TA"]
[PlyCount "114"]
[EventDate "2020.11.05"]
[EventType "swiss"]
[EventCountry "CRO"]
[SourceTitle "playchess.com"]
[Source "ChessBase"]
[SourceQuality "1"]

{[%evp 15,114,21,37,47,42,25,27,0,0,-12,1,-21,-24,-43,-22,-16,2,-14,72,75,65,76,82,75,84,88,80,91,92,73,83,50,92,69,75,81,83,82,93,94,122,118,200,192,195,195,209,202,224,162,183,185,191,175,191,83,231,184,189,183,187,193,235,234,258,260,250,204,226,0,244,254,437,433,460,270,460,460,464,461,509,468,691,684,1426,1304,4969,4835,4133,580,29978,29978,29979,29979,29979,29980,29980,29982,29982,29983,29994]} 1. e4 d5 2. exd5 Qxd5 3. Nc3 Qa5 4. d4 c6 5. Bc4 Bf5 6. Nf3 e6 7. Bd2 Qc7 8. Bb3 Nf6 9. Qe2 {B01: Scandinavian Defence.} Bd6 10. Ne5 {[#]} h5 $146 ({Predecessor:} 10... Nbd7 11. f4 Be7 12. g4 Bg6 13. h4 h6 14. O-O-O Nxe5 15. dxe5 Nd5 16. Nxd5 cxd5 17. Ba4+ Kf8 18. Rhf1 Rc8 19. f5 exf5 20. gxf5 Bh7 21. f6 gxf6 22. exf6 Bd8 23. Bxh6+ Kg8 24. Qe8# {1-0 (24) Triantafillidis,S (1801)-Traut,S (1698) Wiesbaden 2017}) 11. h3 {White has an edge.} Nbd7 {[%cal Rd7e5]} 12. f4 a6 13. g3 c5 14. Nxd7 Nxd7 15. d5 {[%cal Rd5e6]} O-O-O 16. dxe6 {[#] aiming for Nd5.} Bxe6 (16... Nb6 $11 {keeps the balance.}) 17. Bxe6 $16 fxe6 18. O-O-O h4 19. gxh4 Bxf4 20. Qxe6 {And now Nd5 would win.} Kb8 21. Bxf4 Qxf4+ 22. Kb1 Qf6 23. Qg4 Nb6 24. h5 Rd4 25. Rxd4 cxd4 26. Ne2 Qe5 27. Nxd4 Nd5 28. Nf3 Qxh5 (28... Qc7 $16 29. Rg1 Nf4) 29. Qxg7 $18 Re8 30. Qg4 Qf7 31. a3 Ka8 {Now ...Ne3 and Black clings on.} 32. Ng5 Qc7 33. Qd4 Ne3 34. Qd3 Nc4 {[#]} 35. Rd1 (35. h4 $1 $18 {is the precise move to win.}) 35... Ne5 (35... Nxb2 $16 {was worth a try.} 36. Qd7 (36. Kxb2 Qe5+ 37. Qd4 Qxg5 $16) 36... Qxd7 37. Rxd7 Nc4) 36. Qd6 Qxd6 37. Rxd6 {[%mdl 4096] Endgame KRN-KRN} Rh8 38. Rd4 Rh5 39. h4 Ng6 40. Nf3 Rf5 41. Rd3 Rh5 42. Rd4 Rf5 $1 43. Rg4 Rxf3 $2 (43... Ne7) 44. Rxg6 {KR-KR} Rh3 45. Rg8+ Ka7 46. Rh8 Rh2 47. h5 Kb6 48. h6 Ka7 (48... Rh1+ $142 49. Ka2 Rh3) 49. c4 a5 50. b4 axb4 51. axb4 Rh4 52. h7 b5 {intending ...Rh1+.} 53. c5 {White mates.} Rxb4+ 54. Ka2 Rh4 55. c6 Kb6 56. Rb8+ Kxc6 57. h8=Q Kd5 {Av CentiPawn Loss W=-35/B=-76. Weighted=-27/-84} 1-0

[Event "Zlatni otok Krk Open 2020"]
[Site "Malinska"]
[Date "2020.11.07"]
[Round "4.7"]
[White "Colev, Ivor"]
[Black "Vojak, Daniel"]
[Result "0-1"]
[WhiteElo "1769"]
[BlackElo "2236"]
[Annotator "TA"]
[PlyCount "64"]
[EventDate "2020.11.05"]
[EventType "swiss"]
[EventCountry "CRO"]
[SourceTitle "playchess.com"]
[Source "ChessBase"]
[SourceQuality "1"]

{[%evp 9,64,25,57,57,42,11,-1,-26,-19,-160,-161,-157,-157,-177,-196,-212,-208,-299,-285,-288,-284,-281,-289,-317,-285,-372,-347,-350,-342,-334,-365,-407,-401,-392,-396,-386,-324,-327,-313,-384,-382,-437,-429,-522,-512,-587,-598,-641,-639,-696,-695,-697,-708,-756,-706,-699,-621]} 1. e4 g6 2. d4 Bg7 3. Nc3 a6 4. h4 h5 5. Nh3 b5 6. Ng5 {B06: Modern Defence.} Bb7 {[#]} 7. e5 $146 ({Predecessor:} 7. f3 d6 8. Be3 Nd7 9. Qd2 Rc8 10. a4 b4 11. Bc4 e6 12. Ne2 Nb6 13. Bb3 {1-0 (34) Moussard,J (2608)-Grigoryan,K (2608) chess24.com INT 2019}) 7... c5 8. Be3 {The position is equal.} Nh6 9. Qd2 {[#]} (9. dxc5 $11 Bxe5 10. Qd2) 9... cxd4 $1 $17 10. Bxd4 Nc6 11. f4 d6 12. O-O-O dxe5 13. fxe5 (13. Be3 {is a better defense.}) 13... Qxd4 $19 ({Don't play} 13... Nxd4 14. Qxd4 Qxd4 15. Rxd4 $19) 14. Qxd4 Nxd4 15. Rxd4 Bxe5 16. Rd1 Ng4 {White must now prevent ...Nf2.} 17. Re1 Bf4+ 18. Kb1 Nf2 19. Rg1 Bh2 20. Be2 {If White can now play Rgf1 this consolidates a bit.} Bxg1 21. Rxg1 O-O 22. Rf1 b4 23. Rxf2 bxc3 24. Bc4 e6 25. bxc3 Rac8 {Black is clearly winning.} 26. Bb3 Rxc3 27. Kb2 Rg3 28. Rd2 Rxg2 29. Rd7 {[#]} Bd5 $1 30. Bxd5 exd5 31. Rxd5 Rb8+ 32. Kc1 Rc8 {White got outplayed after the opening. Av CentiPawn Loss W=-34/B=-7. Weighted=-36/-8} 0-1

[Event "Zlatni otok Krk Open 2020"]
[Site "Malinska"]
[Date "2020.11.07"]
[Round "4.8"]
[White "Novosel, Lovro"]
[Black "Soldo, Josip"]
[Result "0-1"]
[WhiteElo "1900"]
[BlackElo "2102"]
[Annotator "TA"]
[PlyCount "84"]
[EventDate "2020.11.05"]
[EventType "swiss"]
[EventCountry "CRO"]
[SourceTitle "playchess.com"]
[Source "ChessBase"]
[SourceQuality "1"]

{[%evp 9,84,-32,-23,-39,-16,-35,-35,-84,-49,-54,-39,-35,-38,-62,-41,-113,-81,-81,-85,-96,-91,-179,-149,-158,-155,-212,-220,-231,-243,-228,-173,-288,-142,-162,-89,-92,-85,-81,-83,-114,-7,-66,-54,-134,-124,-140,-141,-125,-129,-167,-186,-212,-191,-199,-83,-277,-278,-385,-383,-510,-514,-505,-486,-625,-618,-1224,-1195,-2857,-2565,-29984,-29985,-29985,-29984,-29991,-29990,-29990,-29986]} 1. Nf3 c5 2. g3 Nc6 3. Bg2 e5 4. O-O g6 5. b3 e4 6. Ne1 {A04: Unusual lines after 1 Nf3 and King's Indian Attack.} Bg7 $1 {[%cal Rg7a1]} 7. c3 d5 8. Bb2 {[#] Black is slightly better.} f5 $146 ({Predecessor:} 8... Qe7 9. Nc2 Nh6 10. d4 cxd4 11. Nxd4 a6 12. c4 Nxd4 13. Bxd4 f5 14. Nc3 dxc4 15. Nd5 Qf7 16. Bxg7 Qxg7 17. Nb6 {1-0 (17) Torres Bravo,C (2363)-Sauvageot Ledezma,D (2016) Quilpue 2016}) 9. d3 Nf6 10. c4 d4 $36 {[%mdl 2048] Black has good play.} 11. Nc2 O-O 12. a3 (12. Nd2 $15) 12... a5 13. Nd2 {[%cal Rd3e4]} Re8 14. b4 b6 $1 ({Stronger than} 14... cxb4 15. axb4 a4 16. b5 $16) 15. bxa5 (15. Rb1 $17 {was called for.}) 15... Rxa5 16. Nb3 Ra7 17. e3 (17. a4 $17) 17... Ne5 $19 18. exd4 Nxd3 19. Bc3 Ng4 {White must now prevent ...Ra4.} 20. h3 (20. f3 $142 cxd4 21. Nbxd4) 20... Nh6 (20... Ngxf2 $19 21. Rxf2 Nxf2 22. Kxf2 cxd4 23. Nbxd4 Rd7) 21. Qd2 $17 Qf6 (21... Nf7 $1 $19 {Threatens to win with ...Nd6.} 22. dxc5 Nxc5 23. Qxd8 Rxd8 24. Bxg7 Nxb3) 22. f3 {Strongly threatening fxe4.} Ba6 23. fxe4 {And now e5 would win.} Bxc4 24. Rab1 Rd8 (24... Qd8 $17 {Hoping for ...Rd7.} 25. dxc5 Nxc5 26. Bxg7 Rxg7 27. Qxh6 Bxb3) 25. Ba1 (25. exf5 $1 $11 Rad7 26. Ba1 cxd4 27. Nbxd4) 25... Qe7 $15 26. Ne3 {[#]} (26. Qe3 $1 $15) 26... Bxb3 $1 $17 27. Rxb3 {[%cal Re4f5]} fxe4 28. Bxe4 Qxe4 29. Rxd3 cxd4 30. Rf4 Qe6 31. Nc2 {[#]} Qxh3 (31... Rad7 $1 $19 {has better winning chances.} 32. Nxd4 Qc4) 32. g4 $2 {This costs White the game.} (32. Bxd4 $17 Nf5 33. Bxb6 Qxg3+ 34. Rxg3 Rxd2 35. Bxa7 Nxg3 36. Rc4) 32... Qh4 $19 33. Qg2 Qg5 34. Qf3 Rf7 35. Rxf7 Nxf7 36. Bxd4 Bxd4+ 37. Nxd4 {[#]} Ne5 $1 {[%mdl 64] Double Attack} 38. Qe4 Nxd3 39. Qe6+ Kh8 {Black mates.} 40. Nf3 Qc1+ 41. Kh2 Qc7+ 42. Kh1 Rf8 {Av CentiPawn Loss W=-87/B=-30. Weighted=-77/-30} 0-1